Podoby zla

Bibliographic Details
Main Author: Rusňák, Radoslav, 1978- (Author)
Format: Article
Language:Slovak
ISSN:1335-7263
Subjects:

MARC

LEADER 00000nab a2200000 a 4500
001 vtls008964250
003 SK-MaSNL
005 20260303070810.0
008 140429c2007 xo qr|p|||||||000 b|slo
015 |a SNBRB2007/04  |2 snkbucl 
038 |a SNKBUCL 
040 |a SNKBUCL  |b slo  |c SNKBUCL  |e AACR2 
041 0 |a slo 
044 |a xo  |c SK 
080 |a 111.84:7+82:061.3  |2 1997 
080 |a 82:061.3  |x (437.6)  |2 1997 
080 |a 82:111.84:061.3  |2 1997 
080 |a 7:111.84:061.3  |2 1997 
100 1 |a Rusňák, Radoslav,  |d 1978-  |4 aut  |9 197534 
245 1 0 |a Podoby zla  |c Radoslav Rusňák 
611 2 7 |a Zlo v kontexte súčasných sociokultúrnych premien  |g konferencia  |d (2006 :  |c Prešov, Slovensko)  |2 snkbucl  |9 1068716 
648 7 |a 19.-20.10.2006  |2 snkbucl  |9 1055896 
648 7 |a 2006  |2 snkbucl  |9 313148 
650 0 7 |a zlo  |x sociokultúrne aspekty  |2 snkbucl  |9 1068717 
650 0 7 |a zlo v umení  |2 snkbucl  |9 1068718 
651 7 |a Prešov (Slovensko)  |2 snkbucl  |9 17347 
773 0 |t Bibiana  |g Roč. XIV, č. 1 (2007), s. 2-3  |x 1335-7263 
852 |a SNK  |b KIS3GCP 
958 |a LX 
958 |a SK 
999 |c 1756987  |d 1758917